00347nam a2200133Ia 4500008004100000020002200041041001200063100001300075245005000088250000800138260003100146300000900177650002700186221220s9999 xx 000 0 und d a978-93-5143-835-9 aEnglish aP. Diwan 0aLaw of Marriage & Divorce 7th Edcby P. Diwan a7th bLexis NexisaHaryanac2022 a1294 aMarriage & Divorce Law